logo

Bir Sreshtho Munshi Abdur Rouf Library
Jhenaidah Cadet College

Oxford Learner's Dictionary of Current English / (Record no. 5231)

MARC details
000 -LEADER
fixed length control field 00719nam a2200277 a 4500
001 - CONTROL NUMBER
JCCL Control Number 5231
003 - CONTROL NUMBER IDENTIFIER
JCCL marc code BD-JhCC
005 - DATE AND TIME OF LATEST TRANSACTION
control field 20171211115439.0
008 - FIXED-LENGTH DATA ELEMENTS--GENERAL INFORMATION
fixed length control field 171210s19482015n a|||| || | 000 0 eng d
020 ## - INTERNATIONAL STANDARD BOOK NUMBER
International Standard Book Number 9780194798815
020 ## - INTERNATIONAL STANDARD BOOK NUMBER
International Standard Book Number 9780194799485
020 ## - INTERNATIONAL STANDARD BOOK NUMBER
International Standard Book Number 9780194799539
035 ## - SYSTEM CONTROL NUMBER
system control number (BD-JhCC)5231
040 ## - CATALOGING SOURCE
Original cataloging agency BD-JhCC
Modifying agency BD-JhCC
041 ## - LANGUAGE CODE
Language code of Book eng
082 ## - DEWEY DECIMAL CLASSIFICATION NUMBER
Classification number 423.1
Author mark and Year HOR 2015
100 ## - MAIN ENTRY--PERSONAL NAME
Personal name Hornby, A S
245 ## - TITLE STATEMENT
Title Oxford Learner's Dictionary of Current English /
Statement of responsibility, etc A S Hornby,
250 ## - EDITION STATEMENT
Edition statement 9th ed.
260 ## - PUBLICATION, DISTRIBUTION, ETC. (IMPRINT)
Place of publication, distribution, etc New York :
Name of publisher, distributor, etc Oxford University Press,
Date of publication, distribution, etc 2015.
300 ## - PHYSICAL DESCRIPTION
Pagination 1820 p. :
Dimensions 23 cm.
650 ## - SUBJECT ADDED ENTRY--TOPICAL TERM
Topical term or geographic name as entry element English Dictionary
650 ## - SUBJECT ADDED ENTRY--TOPICAL TERM
Topical term or geographic name as entry element English Language
942 ## - ADDED ENTRY ELEMENTS (KOHA)
Source of classification or shelving scheme Dewey Decimal Classification
Koha item type Reference
Holdings
Source of classification or shelving scheme Damaged status Not for loan Home library Current library Shelving location Date of accession Total Checkouts Full call number Barcode Date last seen Copy number Koha item type
Dewey Decimal Classification     JCC Rouf Library JCC Rouf Library General Stacks 12/10/2017   423.1 HOR 2015 7307 12/10/2017 C-1 Reference

JCC Library | Contacts | JCC Home

Last Update on 23 September 2017
Copyright @ 2017-2020 JCC Rouf Library
Rouf Library, Jhenidah Cadet College (JCC), Bangladesh